00840nam a2200205 a 4500003000900000008004100009020001800050040002800068082002400096100004000120245012000160260005600280300003400336650005100370700003200421700003300453942001200486999001700498952011900515CO-ViMGA090314s2008 sp a gr 00010 spa d a9788498351606 aCO-ViMGAbspacCO-ViMGA04a616.132 bS81c 2191 aSuárez Fernández, Carmen.9709610aConvivir con la hipertensión / cCarmen Suárez Fernández, Antonio Coca Payeras ; ilustraciones Javier Bejega.3 aMadrid : bEditorial Médica Panamericana, c2008. avi, 118 p. : bil. ; c20 cm.14aHipertensiónv Preguntas y respuestas.970971 aBejega, Javier, eil.958191 aCoca Payeras, Antonio.97098 2ddccBK c37656d37656 001040708002aMEVIECARbMEVIECARd2016-10-26l0o616.132 S81cp31298r2016-10-26 00:00:00tEj.1w2016-10-26yBK